Samples in Daft Punk's Discovery - Statistics

General Stats
  • This quiz has been taken 11 times
  • The average score is 8 of 30
Answer Stats
Artist Year Element/s Sampled Song % Correct
Edwin Birdsong 1979 Multiple Cola Bottle Baby
78%
Electric Light Orchestra 1975 Hook / Riff Evil Woman
67%
Eddie Johns 1979 Multiple More Spell on You
67%
Tavares 1980 Multiple Break Down for Love
56%
Electric Light Orchestra 1974 Vocals / Lyrics Can't Get It Out of My Head
56%
The Alan Parsons Project 1982 Vocals / Lyrics Old and Wise
56%
Barry Manilow 1979 Multiple Who's Been Sleeping in My Bed
56%
Sister Sledge 1982 Multiple Il Macquillage Lady
44%
The Alan Parsons Project 1982 Vocals / Lyrics Silence and I
44%
Dan Fogelberg & Tim Weisberg 1978 Hook / Riff Twins Theme
33%
Dave Mason 1974 Hook / Riff All Along the Watchtower
22%
Firefall 1982 Hook / Riff Body and Soul
22%
The Imperials 1977 Multiple Can You Imagine
22%
Steppenwolf 1968 Hook / Riff Everybody's Next One
22%
Poco 1974 Hook / Riff Faith in the Families
22%
George Duke 1979 Multiple I Love You More
22%
Deborah Washington 1978 Multiple The Letter
22%
Loggins and Messina 1974 Vocals / Lyrics Be Free
11%
Loggins and Messina 1972 Vocals / Lyrics House at Pooh Corner
11%
The Doobie Brothers 1976 Hook / Riff It Keeps You Runnin'
11%
Herbie Mann 1978 Drums Jisco Dazz
11%
Dan Fogelberg & Tim Weisberg 1978 Hook / Riff Lahaina Luna
11%
Rockie Robbins 1981 Multiple Nothing Like Love
11%
Carrie Lucas 1979 Hook / Riff Sometimes a Love Goes Wrong
11%
The Doobie Brothers 1973 Multiple South City Midnight Lady
11%
Dan Fogelberg & Tim Weisberg 1978 Hook / Riff Tell Me to My Face
11%
Boz Scaggs 1980 Hook / Riff You Got Some Imagination
11%
Rose Royce 1978 Multiple First Come, First Serve
0%
Third World 1978 Multiple One Cold Vibe (Couldn't Stop Dis Ya Boogie)
0%
Maze Featuring Frankie Beverly 1981 Multiple Running Away
0%
No matching quizzes found
Score Distribution
Percent of People with Each Score
Percentile by Number Answered
Your Score History
You have not taken this quiz